La desaparicin̤ forzada de personas en el derecho internacional de los derechos humanos

Detalles Bibliográficos
Autor principal: Lp̤ez Cr̀denas, Carlos Mauricio
Formato: eBook
Lenguaje:español
Publicado: Bogot:̀ Editorial Universidad de Rosario (Colombia), 2017
Materias:
Acceso en línea:Acceso restringido

MARC

LEADER 00000nam a22000007a 4500
005 20180323222041.0
007 cr|||| ||||
008 180323s2017 co |||||s|||| 00||0 spa d
020 |a 978-958-738-917-3 
035 |a 21145 
040 |a vLex 
090 |c 7542  |d 7542 
100 1 |a Lp̤ez Cr̀denas, Carlos Mauricio 
245 1 2 |a La desaparicin̤ forzada de personas en el derecho internacional de los derechos humanos  |h [Recurso electrn̤ico] /  |c Carlos Mauricio Lp̤ez Cr̀denas 
256 |a Servicio en ln̕ea 
260 |a Bogot:̀  |b Editorial Universidad de Rosario (Colombia),  |c 2017 
300 |a 1 recurso electrn̤ico 
506 1 |a Disponible solo en los productos indicados  |d vLex Global  |d vLex Global (Academic Edition, excluding Law Schools)  |d vLex Global (U.S. Academic Edition, Law Schools)  |d vLex Global (U.S. Academic Edition, excluding Law Schools)  |d vLex Global (Academic Edition, Law Schools) 
650 0 4 |a Derecho Internacional  |z Colombia 
740 0 |a vLex Libros (Servicio en ln̕ea) 
856 4 0 |u http://vlex.com/source/desaparicion-forzada-personas-derecho-internacional-derechos-humanos-21145  |z Acceso restringido 
942 |c BOOK 
999 0 |a International right